[Event "Kemp og Lauritzen Chess IM 2015"]
[Site "Fredericia"]
[Date "2015.05.06"]
[Round "1"]
[White "Veng, Johnni"]
[Black "Narmontas, Matas"]
[Result "1-0"]
[WhiteElo "2290"]
[BlackElo "2427"]
[PlyCount "47"]
[EventDate "2015.??.??"]



1. d4 d5 2. Nf3 Nf6 3. c4 c6 4. Nc3 a6 5. g3 b5 6. c5 g6 7. Bg2 Bg7 8. O-O O-O
9. Ne5 Bf5 10. h3 Ne4 11. g4 Nxc3 12. bxc3 Be6 13. a4 f5 14. gxf5 Rxf5 15. f4
bxa4 16. Rxa4 Rh5 17. Qd3 Qc8 18. Rf3 Nd7 19. Nxd7 Bxd7 20. Rg3 Bf5 21. Qf3 Rb8
22. Kh2 Rb1 23. Be3 Bf6 24. Qxh5 1-0

[Event "Kemp og Lauritzen Chess IM 2015"]
[Site "Fredericia"]
[Date "2015.05.06"]
[Round "1"]
[White "Adan Bermudez, Sergio"]
[Black "Rydstrom, Tom"]
[Result "1-0"]
[WhiteElo "2315"]
[BlackElo "2291"]
[PlyCount "57"]
[EventDate "2015.??.??"]



1. Nf3 d5 2. g3 Nf6 3. Bg2 c6 4. d3 Bf5 5. O-O Nbd7 6. Nbd2 e5 7. e4 dxe4 8.
dxe4 Be6 9. b3 Qc7 10. Bb2 Be7 11. Qe2 Ng4 12. Bh3 h5 13. Ne1 O-O-O 14. Kg2
Ndf6 15. Ndf3 h4 16. Ng5 Bd7 17. Nd3 hxg3 18. hxg3 Rh5 19. Bc1 Kb8 20. f3 Nh6
21. g4 Rxg5 22. Bxg5 Be6 23. Qe3 Rh8 24. Nxe5 Ka8 25. Bf4 g5 26. Bxg5 Qxe5 27.
Bxh6 Bc5 28. Bf4 Qb2 29. Qxc5 1-0

[Event "Kemp og Lauritzen Chess IM 2015"]
[Site "Fredericia"]
[Date "2015.05.06"]
[Round "1"]
[White "Thogersen, Rasmus"]
[Black "Gergacz, Attila"]
[Result "1/2-1/2"]
[WhiteElo "2122"]
[BlackElo "2376"]
[PlyCount "133"]
[EventDate "2015.??.??"]



1. d4 Nf6 2. c4 g6 3. Nc3 Bg7 4. e4 d6 5. Nf3 O-O 6. Be2 e5 7. O-O Nc6 8. d5
Ne7 9. Ne1 Nd7 10. Be3 f5 11. f3 f4 12. Bf2 g5 13. Nd3 Rf6 14. c5 Rh6 15. Nb5
Nf6 16. Nxa7 Bd7 17. Qb3 g4 18. c6 b6 19. cxd7 Rxa7 20. Nxe5 g3 21. hxg3 Nh5
22. Nc6 Nxg3 23. Bxg3 fxg3 24. f4 Qxd7 25. Rad1 Ra8 26. Rf3 Kh8 27. Rxg3 Nxc6
28. Bb5 Qf7 29. Bxc6 Rf8 30. Rf3 Qh5 31. Bd7 Qh2+ 32. Kf2 Rh4 33. Bf5 Rg8 34.
Qe3 Bf6 35. Rg1 Bxb2 36. Kf1 Bf6 37. g3 Qxa2 38. Qe2 Qa4 39. e5 dxe5 40. fxe5
Qa1+ 41. Kg2 Qxe5 42. Qxe5 Bxe5 43. Be6 Rd4 44. Bxg8 Kxg8 45. Rf5 Rxd5 46. Kf3
Ra5 47. Ke4 Bd6 48. Rxa5 bxa5 49. Kd5 a4 50. Ke6 Kg7 51. g4 Kg6 52. Rh1 a3 53.
Kd5 Bf8 54. Ra1 Kg5 55. Kc6 Bd6 56. Rh1 Be5 57. Rxh7 a2 58. Rh1 Kxg4 59. Rf1
Kg3 60. Re1 Kf4 61. Rh1 Ke4 62. Rh4+ Kd3 63. Ra4 Bd6 64. Rxa2 Kc4 65. Ra7 Kd4
66. Rxc7 Bxc7 67. Kxc7 1/2-1/2

[Event "Kemp og Lauritzen Chess IM 2015"]
[Site "Fredericia"]
[Date "2015.05.06"]
[Round "1"]
[White "Boe, Mads"]
[Black "Bank Friis, Carsten"]
[Result "1-0"]
[WhiteElo "2337"]
[BlackElo "2236"]
[PlyCount "119"]
[EventDate "2015.??.??"]



1. e4 c6 2. d4 d5 3. Nd2 dxe4 4. Nxe4 Bf5 5. Ng3 Bg6 6. Nf3 Nd7 7. h4 h6 8. Bd3
Bxd3 9. Qxd3 e6 10. Bf4 Qa5+ 11. Bd2 Qc7 12. Ne4 Ngf6 13. O-O-O Nxe4 14. Qxe4
Nf6 15. Qe2 O-O-O 16. g3 Bd6 17. c4 c5 18. Bc3 Rhe8 19. Kb1 Re7 20. Rhe1 a6 21.
a3 cxd4 22. Bxd4 Bc5 23. Bxc5 Qxc5 24. Ne5 Nd7 25. Nd3 Qf5 26. Ka2 h5 27. Qe3
Qg4 28. f4 Nb8 29. Nf2 Qg6 30. Qc5+ Nc6 31. Rxd8+ Kxd8 32. Ne4 Rd7 33. Qb6+ Kc8
34. c5 Kb8 35. Re3 Qf5 36. Qb3 Na5 37. Qa4 Qd5+ 38. Kb1 Qd1+ 39. Qxd1 Rxd1+ 40.
Kc2 Rg1 41. b4 Nc6 42. Rd3 Kc7 43. Nd6 f6 44. Ne8+ Kc8 45. Nxg7 e5 46. fxe5
Nxe5 47. Re3 Nc4 48. Rc3 Rg2+ 49. Kd1 Ne5 50. Nxh5 Ng4 51. Nf4 Rh2 52. c6 Nf2+
53. Ke1 Ne4 54. Re3 f5 55. cxb7+ Kxb7 56. Kf1 Kc6 57. Ne2 Rh1+ 58. Kg2 Rd1 59.
g4 Nd6 60. g5 1-0

[Event "Kemp og Lauritzen Chess IM 2015"]
[Site "Fredericia"]
[Date "2015.05.06"]
[Round "1"]
[White "Ochsner, Bjorn Moller"]
[Black "Fries Nielsen, Jens Ove"]
[Result "0-1"]
[WhiteElo "2409"]
[BlackElo "2457"]
[PlyCount "70"]
[EventDate "2015.??.??"]



1. e4 d5 2. exd5 Qxd5 3. Nc3 Qd8 4. d4 g6 5. Nf3 Bg7 6. Bc4 Nh6 7. Bf4 Nf5 8.
Nd5 Nd6 9. Bb3 Nc6 10. c3 O-O 11. O-O Na5 12. Bc2 Nac4 13. b3 Na3 14. Bd3 c6
15. Ne3 Nab5 16. Qd2 Nc7 17. c4 Ne6 18. Be5 Bh6 19. Rfe1 f6 20. Bg3 Nf7 21. d5
Nc5 22. Rad1 cxd5 23. cxd5 f5 24. Qb4 Nxd3 25. Rxd3 g5 26. h4 f4 27. d6 fxg3
28. hxg5 gxf2+ 29. Kxf2 Nxg5 30. d7 Bxd7 31. Red1 Qb6 32. Qh4 Rf4 33. Qh2 Raf8
34. Ke2 Bb5 35. Nxg5 Bxg5 0-1

[Event "Kemp og Lauritzen Chess IM 2015"]
[Site "Fredericia"]
[Date "2015.05.07"]
[Round "2"]
[White "Veng, Johnni"]
[Black "Adan Bermudez, Sergio"]
[Result "0-1"]
[WhiteElo "2290"]
[BlackElo "2315"]
[PlyCount "82"]
[EventDate "2015.??.??"]



1. d4 d6 2. Nf3 Bg4 3. c4 Bxf3 4. exf3 Nd7 5. Nc3 g6 6. Be2 Bg7 7. Be3 e6 8.
Qd2 Ne7 9. g4 d5 10. cxd5 Nxd5 11. Nxd5 exd5 12. Rd1 Nb6 13. b3 a5 14. a4 Bf8
15. Kf1 Bb4 16. Qc2 h5 17. Bf4 Bd6 18. Bxd6 Qxd6 19. Qc5 Nc8 20. Qb5+ Qc6 21.
Qd3 Ne7 22. Qe3 Qd6 23. Rc1 hxg4 24. fxg4 Rxh2 25. Rxh2 Qxh2 26. Bf3 c6 27. Re1
Qd6 28. Qg5 Kd7 29. Qh6 Qf6 30. Qe3 g5 31. Bd1 Rh8 32. Bc2 Rh1+ 33. Ke2 Rxe1+
34. Kxe1 Qe6 35. Qe2 Kd6 36. Kd2 Qxe2+ 37. Kxe2 c5 38. Ke3 cxd4+ 39. Kxd4 Nc6+
40. Ke3 Ke5 41. Bd1 Nb4 0-1

[Event "Kemp og Lauritzen Chess IM 2015"]
[Site "Fredericia"]
[Date "2015.05.07"]
[Round "2"]
[White "Gergacz, Attila"]
[Black "Boe, Mads"]
[Result "1-0"]
[WhiteElo "2376"]
[BlackElo "2337"]
[PlyCount "73"]
[EventDate "2015.??.??"]



1. e4 e6 2. d3 d5 3. Nd2 c5 4. Ngf3 Nc6 5. g3 g6 6. Bg2 Bg7 7. O-O Nge7 8. Re1
O-O 9. e5 Qc7 10. Qe2 Bd7 11. Nb3 b6 12. h4 a5 13. a4 f6 14. exf6 Rxf6 15. c3
Re8 16. d4 c4 17. Nbd2 Rff8 18. Nf1 Bc8 19. h5 Qd6 20. b3 cxb3 21. Ba3 Qc7 22.
hxg6 hxg6 23. N1h2 e5 24. dxe5 Bf5 25. Bd6 Qd7 26. Qb2 Bc2 27. Ng5 Qf5 28. Nhf3
Qd3 29. Re3 Qc4 30. Bf1 Qg4 31. Bh3 Qc4 32. Be6+ Kh8 33. Nd2 Qa6 34. Nf7+ Rxf7
35. Bxf7 Rf8 36. Be6 Bf5 37. Bxf5 1-0

[Event "Kemp og Lauritzen Chess IM 2015"]
[Site "Fredericia"]
[Date "2015.05.07"]
[Round "2"]
[White "Narmontas, Matas"]
[Black "Fries Nielsen, Jens Ove"]
[Result "1-0"]
[WhiteElo "2427"]
[BlackElo "2457"]
[PlyCount "67"]
[EventDate "2015.??.??"]



1. e4 b6 2. d4 Bb7 3. Bd3 Nf6 4. Nc3 e6 5. Nge2 d6 6. O-O g6 7. h3 Bg7 8. Be3
a6 9. Qd2 h6 10. f4 Nc6 11. e5 Nd7 12. exd6 cxd6 13. d5 exd5 14. Nxd5 O-O 15.
f5 Nce5 16. f6 Nxf6 17. Bxb6 Qd7 18. Nxf6+ Bxf6 19. Rxf6 Qc6 20. Rf2 Qxb6 21.
Qxh6 Rae8 22. Nf4 Qxb2 23. Raf1 Nxd3 24. Nxd3 Qd4 25. Kh2 Rc8 26. Rf6 Bxg2 27.
R1f4 Be4 28. Nf2 Qe3 29. Qh4 Ba8 30. Ng4 Rxc2+ 31. Rf2 Qe4 32. Rxc2 Qxc2+ 33.
Rf2 g5 34. Qh6 1-0

[Event "Kemp og Lauritzen Chess IM 2015"]
[Site "Fredericia"]
[Date "2015.05.07"]
[Round "2"]
[White "Rydstrom, Tom"]
[Black "Thogersen, Rasmus"]
[Result "0-1"]
[WhiteElo "2291"]
[BlackElo "2122"]
[PlyCount "102"]
[EventDate "2015.??.??"]



1. e4 c5 2. Nf3 d6 3. d4 cxd4 4. Nxd4 Nf6 5. Nc3 a6 6. Bg5 e6 7. Qf3 h6 8. Be3
Qc7 9. Qg3 Nbd7 10. f4 b5 11. a3 Bb7 12. Bd3 Nc5 13. O-O-O Ncxe4 14. Nxe4 Nxe4
15. Nxe6 fxe6 16. Qg6+ Qf7 17. Bxe4 Qxg6 18. Bxg6+ Kd7 19. Bd4 Bxg2 20. Rhg1
Bd5 21. Rde1 Rc8 22. Bf7 Kc6 23. Rg3 Rh7 24. Rc3+ Kd7 25. f5 Rxc3 26. Bxc3 Be7
27. fxe6+ Kc6 28. Be8+ Kc5 29. b4+ Kb6 30. Bg6 Rh8 31. Bf7 Rc8 32. Bxg7 Rc4 33.
c3 Rh4 34. Re2 Bc4 35. Bd4+ Rxd4 36. Rg2 Rd3 37. Rg7 Rxc3+ 38. Kd1 Bg5 39. Ke1
Be3 40. Bh5 Rc1+ 41. Bd1 Bb3 42. Ke2 Bxe6 43. Kxe3 Rxd1 44. Rg6 Bc4 45. Rxh6
Kc6 46. h4 Rd3+ 47. Ke4 Rxa3 48. h5 Rh3 49. Rh8 Bd3+ 50. Kd4 Bf5 51. h6 Rd3#
0-1

[Event "Kemp og Lauritzen Chess IM 2015"]
[Site "Fredericia"]
[Date "2015.05.07"]
[Round "2"]
[White "Bank Friis, Carsten"]
[Black "Ochsner, Bjorn Moller"]
[Result "1-0"]
[WhiteElo "2236"]
[BlackElo "2409"]
[PlyCount "85"]
[EventDate "2015.??.??"]



1. d4 Nf6 2. c4 e6 3. Nf3 b6 4. g3 Bb7 5. Bg2 Be7 6. O-O O-O 7. Nc3 Ne4 8. Qc2
Nxc3 9. Qxc3 c5 10. Rd1 d6 11. b3 Bf6 12. Bb2 Nd7 13. Qc2 Qc7 14. Rd2 Rfd8 15.
Rad1 Rac8 16. Qb1 a6 17. h4 cxd4 18. Bxd4 e5 19. Bb2 Nc5 20. Ne1 Be7 21. Bxb7
Qxb7 22. Ng2 Ne4 23. Rd5 f5 24. Ne3 g6 25. Nf1 b5 26. Ne3 Qa7 27. cxb5 axb5 28.
Rxb5 Nxg3 29. Qd3 Ne4 30. Qd5+ Kf8 31. Ra5 Qb6 32. Rb5 Qa6 33. a4 Bxh4 34. f3
Nf6 35. Qe6 Qa7 36. Rd3 f4 37. Ba3 Kg7 38. Bxd6 Re8 39. Qh3 Bg5 40. Bxe5 Re7
41. Qxc8 fxe3 42. f4 Bh4 43. Qb8 1-0

[Event "Kemp og Lauritzen Chess IM 2015"]
[Site "Fredericia"]
[Date "2015.05.07"]
[Round "3"]
[White "Adan Bermudez, Sergio"]
[Black "Narmontas, Matas"]
[Result "0-1"]
[WhiteElo "2315"]
[BlackElo "2427"]
[PlyCount "62"]
[EventDate "2015.??.??"]



1. c4 e5 2. Nc3 Nc6 3. g3 g6 4. Bg2 Bg7 5. Rb1 f5 6. b4 Nf6 7. b5 Ne7 8. Nf3 e4
9. Ng5 h6 10. Nh3 d5 11. cxd5 Nfxd5 12. Nxd5 Qxd5 13. Bb2 Bxb2 14. Rxb2 Qe5 15.
Qc1 Be6 16. Nf4 Bf7 17. e3 O-O-O 18. O-O g5 19. Ne2 Bc4 20. d4 exd3 21. Nd4 Bd5
22. Bxd5 Qxd5 23. Qc3 f4 24. Rc1 Qe5 25. b6 axb6 26. Rb5 Nd5 27. Qa3 d2 28. Rd1
fxe3 29. Qa8+ Kd7 30. Qxb7 exf2+ 31. Kxf2 Qxd4+ 0-1

[Event "Kemp og Lauritzen Chess IM 2015"]
[Site "Fredericia"]
[Date "2015.05.07"]
[Round "3"]
[White "Thogersen, Rasmus"]
[Black "Veng, Johnni"]
[Result "0-1"]
[WhiteElo "2122"]
[BlackElo "2290"]
[PlyCount "126"]
[EventDate "2015.??.??"]



1. e4 c5 2. Nf3 d6 3. d4 cxd4 4. Nxd4 Nf6 5. Nc3 a6 6. Be3 e5 7. Nb3 Be6 8. Qd2
Be7 9. f3 O-O 10. O-O-O a5 11. Kb1 a4 12. Nc1 a3 13. b3 Nc6 14. g4 Qa5 15. g5
Nh5 16. N1e2 Rfc8 17. Nd5 Bxd5 18. Qxa5 Nxa5 19. Rxd5 g6 20. Bh3 Rf8 21. Bg4
Ng7 22. Bb6 Nc6 23. h4 Ne6 24. Rhd1 h6 25. gxh6 Kh7 26. h5 Ra6 27. Be3 Nc7 28.
R5d2 Ne8 29. Nc3 Nf6 30. Nb5 Nxh5 31. Bxh5 gxh5 32. Nxd6 Nd4 33. Bxd4 Bxd6 34.
Be3 Bb4 35. Rd7 Rf6 36. Rxb7 Rxf3 37. Bc1 Bc5 38. Rb5 Rc8 39. Ra5 Rf2 40. c3 h4
41. b4 Bf8 42. Rd3 Rf1 43. Kc2 Bxb4 44. Rxe5 Bxc3 45. Rxc3 Rxc1+ 46. Kxc1 Rxc3+
47. Kd2 Rc6 48. Rf5 Rxh6 49. Rxf7+ Kg6 50. Rf2 h3 51. Rh2 Kg5 52. Ke3 Kg4 53.
Kf2 Rb6 54. Rh1 Rb2+ 55. Ke3 h2 56. e5 Kf5 57. Kd4 Rd2+ 58. Kc3 Rxa2 59. Kb3
Rg2 60. Kxa3 Kxe5 61. Kb3 Kf4 62. Kc3 Kg3 63. Rf1 Rg1 0-1

[Event "Kemp og Lauritzen Chess IM 2015"]
[Site "Fredericia"]
[Date "2015.05.07"]
[Round "3"]
[White "Ochsner, Bjorn Moller"]
[Black "Gergacz, Attila"]
[Result "1-0"]
[WhiteElo "2409"]
[BlackElo "2376"]
[PlyCount "75"]
[EventDate "2015.??.??"]



1. e4 e5 2. Nf3 Nc6 3. Bb5 a6 4. Ba4 Nf6 5. O-O Be7 6. Re1 b5 7. Bb3 O-O 8. h3
Bb7 9. d3 d6 10. c3 Na5 11. Bc2 c5 12. Nbd2 g6 13. Nf1 Nh5 14. d4 cxd4 15. cxd4
Nc6 16. Bh6 Re8 17. d5 Nb8 18. a4 b4 19. a5 Nf4 20. Qd2 Nd7 21. Qxb4 Rb8 22.
Qd2 g5 23. Ne3 f6 24. g3 Nxh3+ 25. Kg2 Nf4+ 26. gxf4 exf4 27. Nf5 Kf7 28. Rh1
Rg8 29. Bd1 g4 30. N3d4 f3+ 31. Kg1 Nc5 32. Bc2 Bc8 33. Nc6 Qc7 34. Ncxe7 Rxb2
35. Qc3 Bxf5 36. Nxf5 g3 37. Nxg3 Qa7 38. Be3 1-0

[Event "Kemp og Lauritzen Chess IM 2015"]
[Site "Fredericia"]
[Date "2015.05.07"]
[Round "3"]
[White "Boe, Mads"]
[Black "Rydstrom, Tom"]
[Result "1/2-1/2"]
[WhiteElo "2337"]
[BlackElo "2291"]
[PlyCount "54"]
[EventDate "2015.??.??"]



1. d4 d5 2. c4 c6 3. cxd5 cxd5 4. Nc3 Nc6 5. Nf3 Nf6 6. Bf4 e6 7. e3 Be7 8. h3
O-O 9. Bd3 Bd7 10. O-O Rc8 11. Rc1 Na5 12. Ne5 Nc4 13. Qe2 Nd6 14. f3 Be8 15.
Bh2 a6 16. Rfd1 b5 17. Bg3 Nc4 18. b3 Nxe5 19. Bxe5 Bd7 20. Nb1 Qb6 21. Qd2 Bc6
22. Rc2 Ne8 23. Rdc1 Nd6 24. Rc5 Nb7 25. R5c2 Nd6 26. Rc5 Nf5 27. R5c2 Nd6
1/2-1/2

[Event "Kemp og Lauritzen Chess IM 2015"]
[Site "Fredericia"]
[Date "2015.05.07"]
[Round "3"]
[White "Fries Nielsen, Jens Ove"]
[Black "Bank Friis, Carsten"]
[Result "1-0"]
[WhiteElo "2457"]
[BlackElo "2236"]
[PlyCount "59"]
[EventDate "2015.??.??"]



1. e4 c6 2. d3 d5 3. Qe2 dxe4 4. dxe4 e5 5. f4 exf4 6. Bxf4 Ne7 7. Nd2 Ng6 8.
Bg3 Be6 9. Ngf3 Be7 10. h4 h5 11. Nc4 O-O 12. Rd1 Nd7 13. c3 Qc8 14. Qc2 Nf6
15. Nd4 Re8 16. Ne3 Bg4 17. Bc4 Bc5 18. O-O Bxd1 19. Qxd1 Bxd4 20. cxd4 Rxe4
21. Rxf6 gxf6 22. Qxh5 Re6 23. Nf5 b5 24. Bb3 c5 25. dxc5 Qxc5+ 26. Kh2 Ne5 27.
Nh6+ Kg7 28. Nxf7 Rae8 29. Bxe5 Rxe5 30. Qh6+ 1-0

[Event "Kemp og Lauritzen Chess IM 2015"]
[Site "Fredericia"]
[Date "2015.05.08"]
[Round "4"]
[White "Narmontas, Matas"]
[Black "Bank Friis, Carsten"]
[Result "1-0"]
[WhiteElo "2427"]
[BlackElo "2236"]
[PlyCount "75"]
[EventDate "2015.??.??"]



1. e4 c6 2. d4 d5 3. f3 dxe4 4. fxe4 e5 5. Nf3 Bg4 6. Bc4 Nd7 7. c3 Bh5 8. O-O
Ngf6 9. Bg5 Be7 10. Nbd2 O-O 11. Qe1 h6 12. Bh4 exd4 13. cxd4 Kh8 14. Kh1 Ng8
15. Bg3 Nb6 16. Bb3 Bg6 17. Rd1 Bh5 18. Nb1 Nf6 19. Nc3 Bb4 20. a3 Bxc3 21.
bxc3 Qe7 22. e5 Nh7 23. Ra1 a5 24. Nh4 a4 25. Bc2 g6 26. Bf4 g5 27. Qe4 Bg6 28.
Nxg6+ fxg6 29. Bg3 Rxf1+ 30. Rxf1 Nf8 31. h3 Re8 32. e6 Kg8 33. Rxf8+ Rxf8 34.
Qxg6+ Qg7 35. e7 Qxg6 36. exf8=Q+ Kxf8 37. Bxg6 Ke7 38. Bd3 1-0

[Event "Kemp og Lauritzen Chess IM 2015"]
[Site "Fredericia"]
[Date "2015.05.08"]
[Round "4"]
[White "Veng, Johnni"]
[Black "Boe, Mads"]
[Result "1/2-1/2"]
[WhiteElo "2290"]
[BlackElo "2337"]
[PlyCount "25"]
[EventDate "2015.??.??"]



1. d4 f5 2. Nf3 Nf6 3. g3 e6 4. Bg2 d5 5. O-O Bd6 6. c4 c6 7. Qc2 O-O 8. Nc3
Qe7 9. Rb1 b6 10. Bf4 Bxf4 11. gxf4 dxc4 12. Ne5 Bb7 13. Nxc4 1/2-1/2

[Event "Kemp og Lauritzen Chess IM 2015"]
[Site "Fredericia"]
[Date "2015.05.08"]
[Round "4"]
[White "Adan Bermudez, Sergio"]
[Black "Thogersen, Rasmus"]
[Result "1-0"]
[WhiteElo "2315"]
[BlackElo "2122"]
[PlyCount "29"]
[EventDate "2015.??.??"]



1. c4 c5 2. Nf3 Nc6 3. b3 b6 4. Bb2 Bb7 5. e3 e6 6. d4 cxd4 7. exd4 d5 8. cxd5
Qxd5 9. Nc3 Qa5 10. a3 Nf6 11. Bb5 Nd5 12. b4 Nxc3 13. bxa5 Nxd1 14. a6 Bxa6
15. Bxc6+ 1-0

[Event "Kemp og Lauritzen Chess IM 2015"]
[Site "Fredericia"]
[Date "2015.05.08"]
[Round "4"]
[White "Gergacz, Attila"]
[Black "Fries Nielsen, Jens Ove"]
[Result "0-1"]
[WhiteElo "2376"]
[BlackElo "2457"]
[PlyCount "70"]
[EventDate "2015.??.??"]



1. e4 d6 2. d4 a6 3. c4 Nd7 4. Nc3 e5 5. Nf3 c6 6. Be2 b5 7. cxb5 axb5 8. d5 b4
9. dxc6 bxc3 10. cxd7+ Bxd7 11. bxc3 Nf6 12. Bd3 Be7 13. O-O O-O 14. Nd2 Qa5
15. Nc4 Qxc3 16. Rb1 Bg4 17. f3 Be6 18. Rb3 Qa1 19. Rb2 d5 20. exd5 Nxd5 21.
Qb3 Bc5+ 22. Kh1 Bd4 23. Bd2 Bxb2 24. Rxa1 Bxa1 25. a4 Bd4 26. a5 Nb6 27. h3
Nd7 28. Bb4 Rfc8 29. f4 exf4 30. Bd6 Rxa5 31. Bxf4 Ra1+ 32. Kh2 Nc5 33. Bxh7+
Kxh7 34. Qc2+ Kg8 35. Be3 Bf6 0-1

[Event "Kemp og Lauritzen Chess IM 2015"]
[Site "Fredericia"]
[Date "2015.05.08"]
[Round "4"]
[White "Rydstrom, Tom"]
[Black "Ochsner, Bjorn Moller"]
[Result "0-1"]
[WhiteElo "2291"]
[BlackElo "2409"]
[PlyCount "136"]
[EventDate "2015.??.??"]



1. e4 e5 2. Nf3 Nc6 3. Bc4 Bc5 4. O-O Nf6 5. d4 Bxd4 6. Nxd4 Nxd4 7. f4 d6 8.
fxe5 dxe5 9. Bg5 Qe7 10. Nd2 Rg8 11. Kh1 h6 12. Bxf6 gxf6 13. c3 Bg4 14. Qa4+
Bd7 15. Qd1 Ne6 16. Qf3 Rg6 17. Qe3 Qc5 18. Qf2 Qxf2 19. Rxf2 Ke7 20. Nf3 Rg4
21. Re1 Rag8 22. b4 Bc6 23. Bd3 Nf4 24. Bf1 b6 25. g3 Ne6 26. Nd2 Rd8 27. Bg2
Rd3 28. Ref1 Bb7 29. Nb3 Rg6 30. c4 Rc3 31. Nd2 Nd4 32. Kg1 Rc2 33. a3 Rc3 34.
a4 Ra3 35. Nf3 Nxf3+ 36. Bxf3 h5 37. Bxh5 Rh6 38. Bf3 Rxa4 39. Rb2 Ra3 40. h4
f5 41. Re2 Rd6 42. Kh2 Rf6 43. Bg2 fxe4 44. Rfe1 Ra4 45. Rb2 c5 46. Bxe4 Bxe4
47. Rxe4 Rxb4 48. Rbe2 Re6 49. h5 Kf8 50. Kh3 Kg7 51. Kg4 a6 52. Kf5 b5 53. g4
Rxc4 54. Rxc4 bxc4 55. g5 Rc6 56. h6+ Kh7 57. Rc2 e4 58. Kxe4 Kg6 59. Rh2 Rc8
60. Kd5 c3 61. Rc2 Kxg5 62. Rxc3 Kxh6 63. Ra3 c4 64. Rxa6+ Kg5 65. Ra2 f5 66.
Kd4 c3 67. Rc2 Kf4 68. Kd3 Kf3 0-1

[Event "Kemp og Lauritzen Chess IM 2015"]
[Site "Fredericia"]
[Date "2015.05.09"]
[Round "6"]
[White "Veng, Johnni"]
[Black "Fries Nielsen, Jens Ove"]
[Result "1-0"]
[WhiteElo "2290"]
[BlackElo "2457"]
[PlyCount "121"]
[EventDate "2015.??.??"]



1. d4 g6 2. Nf3 Bg7 3. g3 b5 4. Bg2 Bb7 5. O-O Nf6 6. Re1 O-O 7. Nbd2 d6 8. c3
Nbd7 9. e4 e5 10. Qb3 a6 11. a4 Rb8 12. axb5 axb5 13. Qc2 c5 14. d5 Nh5 15. c4
b4 16. Nf1 Bc8 17. Bh3 b3 18. Qe2 Ndf6 19. Bxc8 Qxc8 20. Nh4 Qh3 21. Ng2 Ne8
22. g4 Nhf6 23. f3 h5 24. g5 Nh7 25. Be3 f5 26. gxf6 Bxf6 27. Nd2 Bg5 28. Kh1
Rb7 29. Rg1 Bd8 30. Ra8 Ng7 31. Ne1 g5 32. Nd3 Rbf7 33. Rg3 Qd7 34. Bxc5 dxc5
35. Nxc5 Qd6 36. Nd3 g4 37. fxg4 h4 38. Rg1 Ng5 39. c5 Qg6 40. Nxe5 Qf6 41.
Nxf7 Nxf7 42. Rf1 Qg6 43. Qf3 Re8 44. Qxf7+ Qxf7 45. Rxf7 Kxf7 46. Kg2 Kf6 47.
Nf3 Rxe4 48. Rxd8 Re2+ 49. Kf1 Rxb2 50. Rb8 Ke7 51. Rb7+ Kd8 52. Rxg7 Rc2 53.
Rb7 b2 54. Ne1 Rxh2 55. d6 Rd2 56. c6 Rxd6 57. c7+ Kc8 58. Rxb2 Rd4 59. g5 h3
60. Nf3 Rf4 61. Kf2 1-0

[Event "Kemp og Lauritzen Chess IM 2015"]
[Site "Fredericia"]
[Date "2015.05.09"]
[Round "6"]
[White "Adan Bermudez, Sergio"]
[Black "Ochsner, Bjorn Moller"]
[Result "1/2-1/2"]
[WhiteElo "2315"]
[BlackElo "2409"]
[PlyCount "99"]
[EventDate "2015.??.??"]



1. c4 e5 2. Nc3 Nc6 3. g3 Bc5 4. Bg2 a6 5. e3 d6 6. Nge2 Ba7 7. d4 h5 8. Bxc6+
bxc6 9. dxe5 dxe5 10. Qxd8+ Kxd8 11. h3 Bc5 12. Na4 Be7 13. b3 Bf5 14. Bb2 f6
15. O-O-O+ Kc8 16. f4 exf4 17. exf4 Nh6 18. Nd4 Bd7 19. Rhe1 Re8 20. Kb1 Nf5
21. g4 hxg4 22. hxg4 Nxd4 23. Rxd4 Bd6 24. Rxe8+ Bxe8 25. c5 Bf8 26. f5 Kb7 27.
Bc1 Bf7 28. Nc3 Re8 29. Rd7 Re7 30. Rd8 Re8 31. Rxe8 Bxe8 32. Be3 g6 33. Ne4
gxf5 34. gxf5 Bd7 35. Ng3 Be7 36. Kc2 a5 37. Bd4 Ka6 38. Kc3 Be8 39. a3 Kb5 40.
a4+ Ka6 41. Kc2 Kb7 42. Kd3 Bf7 43. Ne4 Bxb3 44. Bxf6 Bf8 45. Bc3 Ka6 46. Bh8
Bxa4 47. f6 Bb3 48. Bg7 Bxg7 49. fxg7 Kb5 50. Kc3 1/2-1/2

[Event "Kemp og Lauritzen Chess IM 2015"]
[Site "Fredericia"]
[Date "2015.05.09"]
[Round "6"]
[White "Narmontas, Matas"]
[Black "Gergacz, Attila"]
[Result "1-0"]
[WhiteElo "2427"]
[BlackElo "2376"]
[PlyCount "53"]
[EventDate "2015.??.??"]



1. d4 Nf6 2. Bg5 d6 3. Nc3 Nbd7 4. e4 c6 5. f4 Qa5 6. Bd3 h6 7. Bxf6 Nxf6 8. e5
dxe5 9. fxe5 Nd5 10. Qd2 Nxc3 11. bxc3 Be6 12. Ne2 g5 13. O-O Bg7 14. Ng3 O-O-O
15. Ne4 b6 16. Qe3 Rhf8 17. a4 Kc7 18. c4 f5 19. exf6 exf6 20. Qg3+ Kb7 21.
Nd6+ Ka8 22. Rae1 f5 23. Rxe6 f4 24. Qf3 Bxd4+ 25. Kh1 Qc5 26. Ne4 Qf5 27. Nxg5
1-0

[Event "Kemp og Lauritzen Chess IM 2015"]
[Site "Fredericia"]
[Date "2015.05.09"]
[Round "6"]
[White "Thogersen, Rasmus"]
[Black "Boe, Mads"]
[Result "1/2-1/2"]
[WhiteElo "2122"]
[BlackElo "2337"]
[PlyCount "65"]
[EventDate "2015.??.??"]



1. d4 d5 2. c4 e6 3. Nc3 Nf6 4. cxd5 exd5 5. Bg5 Be7 6. Qc2 c6 7. e3 O-O 8. Bd3
Nbd7 9. Nf3 Re8 10. h3 Nf8 11. Bf4 Ne6 12. Be5 g6 13. O-O-O b5 14. Kb1 Bb7 15.
h4 b4 16. Na4 c5 17. Bb5 c4 18. Bxe8 Qxe8 19. h5 Bc8 20. hxg6 fxg6 21. Ka1 Ng7
22. Nc5 Bf5 23. Qe2 Ne4 24. Nh4 Bxh4 25. Nxe4 Bxe4 26. Rxh4 Rc8 27. Bxg7 Kxg7
28. Qg4 c3 29. Rdh1 cxb2+ 30. Kxb2 Rc2+ 31. Kb3 Rc3+ 32. Kb2 Rc2+ 33. Kb3
1/2-1/2

[Event "Kemp og Lauritzen Chess IM 2015"]
[Site "Fredericia"]
[Date "2015.05.09"]
[Round "6"]
[White "Rydstrom, Tom"]
[Black "Bank Friis, Carsten"]
[Result "1-0"]
[WhiteElo "2291"]
[BlackElo "2236"]
[PlyCount "67"]
[EventDate "2015.??.??"]



1. e4 c6 2. d4 d5 3. f3 dxe4 4. fxe4 e5 5. Nf3 Bg4 6. Bc4 Nd7 7. O-O Ngf6 8. c3
Bd6 9. Bg5 O-O 10. Nbd2 b5 11. Bb3 Qb6 12. Bc2 Rae8 13. Qe1 Bxf3 14. Nxf3 exd4
15. Nxd4 Nxe4 16. Bxe4 f5 17. Bxf5 Rxe1 18. Raxe1 Nf6 19. Kh1 h6 20. Bh4 b4 21.
Ne6 Rb8 22. Nxg7 Kxg7 23. Bxf6+ Kxf6 24. Re6+ Kg7 25. Rxd6 Qe3 26. Bd3 bxc3 27.
bxc3 Re8 28. h3 Re6 29. Rd4 Re5 30. Rf3 Qe1+ 31. Kh2 c5 32. Rg4+ Rg5 33. Re4
Qd2 34. Re7+ 1-0

[Event "Kemp og Lauritzen Chess IM 2015"]
[Site "Fredericia"]
[Date "2015.05.10"]
[Round "8"]
[White "Adan Bermudez, Sergio"]
[Black "Bank Friis, Carsten"]
[Result "1-0"]
[WhiteElo "2315"]
[BlackElo "2236"]
[PlyCount "89"]
[EventDate "2015.??.??"]



1. Nf3 d5 2. g3 g6 3. Bg2 Bg7 4. O-O c6 5. d3 Nf6 6. Nbd2 O-O 7. e4 dxe4 8.
dxe4 Qc7 9. Qe2 c5 10. Nc4 Bg4 11. e5 Nd5 12. Qe4 Bxf3 13. Bxf3 e6 14. Ne3 Nc6
15. Nxd5 exd5 16. Qxd5 Qxe5 17. Qxe5 Nxe5 18. Bxb7 Rab8 19. Bd5 Rfd8 20. Rd1
Rd7 21. Rb1 h6 22. b3 c4 23. Bf4 c3 24. Bg2 Rbd8 25. Rxd7 Rxd7 26. Re1 Re7 27.
Rd1 Nd7 28. Be3 Nf6 29. Rd8+ Kh7 30. h3 Nh5 31. g4 Ng3 32. Bf3 f5 33. Kg2 Ne4
34. Bxe4 Rxe4 35. gxf5 gxf5 36. Kf3 Rh4 37. Kg3 Re4 38. Rd7 Kg6 39. Kf3 Rh4 40.
Rxa7 Rxh3+ 41. Kg2 Rh4 42. Ra4 Rh5 43. Rc4 Be5 44. a4 Kf7 45. a5 1-0

[Event "Kemp og Lauritzen Chess IM 2015"]
[Site "Fredericia"]
[Date "2015.05.10"]
[Round "8"]
[White "Veng, Johnni"]
[Black "Gergacz, Attila"]
[Result "0-1"]
[WhiteElo "2290"]
[BlackElo "2376"]
[PlyCount "106"]
[EventDate "2015.??.??"]



1. d4 c5 2. d5 e5 3. e4 d6 4. Bb5+ Nd7 5. a4 a6 6. Bxd7+ Bxd7 7. a5 f5 8. exf5
Bxf5 9. Ne2 Nf6 10. Ng3 Bg6 11. Nc3 Be7 12. O-O h5 13. f3 Qc7 14. Nge4 Nxe4 15.
Nxe4 O-O 16. Be3 Rf7 17. c4 Raf8 18. Qd2 Qd7 19. Nf2 h4 20. h3 Bh5 21. Bg5 Bg6
22. Rfe1 Rf5 23. Bxe7 Qxe7 24. Ne4 Rf4 25. b4 Bxe4 26. Rxe4 cxb4 27. Rae1 Qg5
28. Qxb4 Rxf3 29. Rg4 Rf1+ 30. Kh2 Qe7 31. Rxf1 Rxf1 32. c5 dxc5 33. Qc4 Rf7
34. Rxh4 Qd6 35. Qe4 Rd7 36. Qh7+ Kf7 37. Qf5+ Kg8 38. Qh7+ Kf7 39. Qf5+ Ke7
40. Rh7 Qf6 41. Qg4 Kd6 42. Kg1 Rf7 43. h4 Qf1+ 44. Kh2 Qf4+ 45. Qxf4 exf4 46.
h5 Rf5 47. g4 Rg5 48. Kh3 c4 49. Rh8 Rxd5 50. Rd8+ Kc5 51. Rc8+ Kd4 52. Kg2 c3
53. Kf3 Rc5 0-1